Návrh opatrení na rebranding značky

Salvato in:
Dettagli Bibliografici
Autore principale: Sarhsian, Valeriia (Autore)
Altri autori: Hrablik Chovanová, Henrieta (Relatore della tesi)
Natura: Manoscritto Libro
Lingua:slovacco
Pubblicazione: 2025
Soggetti:
Accesso online:http://is.stuba.sk/zp/portal_zp.pl?podrobnosti=178818
Tags: Aggiungi Tag
Nessun Tag, puoi essere il primo ad aggiungerne!!

MARC

LEADER 00000ntm a22000003a 4500
001 stuzp102569
003 SK-STU
005 20250628210605.6
007 ta
008 150427s2015----xo-----f-mn---000-0-slo-d
040 |a STU  |b slo 
041 0 |a slo 
100 1 |a Sarhsian, Valeriia  |u 064000  |4 aut  |U MTF Materiálovotechnologická fakulta  |T MTF Ústav priemyselného inžinierstva a manažmentu  |X 122754  |U M4000  |Y 84  |7 122754 
242 0 1 |a Proposal for brand rebranding measures  |y eng 
245 1 0 |a Návrh opatrení na rebranding značky 
260 |c 2025 
650 4 |a rebranding  |2 slo 
650 4 |a marketingová stratégia  |2 slo 
650 4 |a imidž značky  |2 slo 
650 4 |a trhové prostredie  |2 slo 
650 4 |a zlepšenie  |2 slo 
650 4 |a rebranding  |2 eng 
650 4 |a marketing strategy  |2 eng 
650 4 |a brand image  |2 eng 
650 4 |a market environment  |2 eng 
650 4 |a improvement  |2 eng 
700 1 |a Hrablik Chovanová, Henrieta  |u 064000  |k Z1  |4 ths  |U MTF Materiálovotechnologická fakulta  |T MTF Ústav priemyselného inžinierstva a manažmentu  |X 2766  |U M4000  |Y 84  |7 A000002766 
856 4 |u http://is.stuba.sk/zp/portal_zp.pl?podrobnosti=178818 
996 |c M* BP-10011  |l MMSKP  |s P  |a 0  |w stuzp102569_0001